|
|
|
|
| LEADER |
00000nam0a2200000 4500 |
| 001 |
368103 |
| 005 |
20231102012041.0 |
| 035 |
|
|
|a (RuTPU)RU\TPU\retro\25466
|
| 090 |
|
|
|a 368103
|
| 100 |
|
|
|a 20220330d1980 km y0rusy50 ca
|
| 101 |
0 |
|
|a rus
|
| 102 |
|
|
|a RU
|
| 105 |
|
|
|a a z 001zb
|
| 200 |
1 |
|
|a Виктор Сергеевич Кулебакин
|f В. С. Фролов
|g Академия медицинских наук СССР
|
| 210 |
|
|
|a Москва
|c Наука
|d 1980
|
| 215 |
|
|
|a 207 с.
|c ил.
|
| 225 |
1 |
|
|a Научно-биографическая серия
|
| 320 |
|
|
|a Библиогр.: с. 205-207
|
| 600 |
|
1 |
|a Кулебакин
|b В. С.
|c специалист в области электротехники, аппаратостроения и автоматики
|f 1981-1970
|g Виктор Сергеевич
|c академик АН СССР
|2 stltpush
|3 (RuTPU)RU\TPU\pers\47154
|
| 606 |
1 |
|
|a Электроэнергетика
|2 stltpush
|3 (RuTPU)RU\TPU\subj\21036
|9 46086
|
| 610 |
1 |
|
|a ученые
|
| 610 |
1 |
|
|a энергетики
|
| 610 |
1 |
|
|a биографии
|
| 610 |
1 |
|
|a научная деятельность
|
| 610 |
1 |
|
|a Гоэлро
|
| 610 |
1 |
|
|a электрификация
|
| 610 |
1 |
|
|a народнохозяйственные планы
|
| 610 |
1 |
|
|a электрическая энергия
|
| 610 |
1 |
|
|a использование
|
| 610 |
1 |
|
|a автоматическое регулирование
|
| 675 |
|
|
|a 621.31(092)
|v 4
|
| 700 |
|
1 |
|a Фролов
|b В. С.
|g Владимир Сергеевич
|
| 712 |
0 |
2 |
|a Академия медицинских наук СССР
|c (1944-1992)
|2 stltpush
|3 (RuTPU)RU\TPU\col\6122
|9 24217
|
| 801 |
|
1 |
|a RU
|b 63413507
|c 20220330
|
| 801 |
|
2 |
|a RU
|b 63413507
|c 20230623
|g RCR
|
| 942 |
|
|
|c BK
|